Red hat linux networking and system administration (Record no. 171251)

MARC details
000 -LEADER
fixed length control field 00471nam a2200157Ia 4500
008 - FIXED-LENGTH DATA ELEMENTS--GENERAL INFORMATION
fixed length control field 231217s9999 xx 000 0 und d
041 ## - LANGUAGE CODE
Language code of text/sound track or separate title English
082 ## - DEWEY DECIMAL CLASSIFICATION NUMBER
Classification number 001.6424LIN COL;1 R
100 ## - MAIN ENTRY--PERSONAL NAME
Personal name Collings, TerryWall, Kurt
245 #0 - TITLE STATEMENT
Title Red hat linux networking and system administration
260 ## - PUBLICATION, DISTRIBUTION, ETC.
Date of publication, distribution, etc. 2002
Name of publisher, distributor, etc. Wiley Dream Tech India Ltd,
Place of publication, distribution, etc. New Delhi
300 ## - PHYSICAL DESCRIPTION
Extent xix+843
300 ## - PHYSICAL DESCRIPTION
Dimensions CD1229
650 ## - SUBJECT ADDED ENTRY--TOPICAL TERM
Topical term or geographic name entry element Red,hat,linux,networking,system,administration
942 ## - ADDED ENTRY ELEMENTS (KOHA)
Koha item type Books
Holdings
Date last seen Total checkouts Full call number Accession number Cost, total (INR) price Price effective from Category Lost status Damaged status Department Withdrawn status Home library Current library Shelving location Entry date Vendor Cost, normal purchase price Grants Billnumber Billdate Currency symbol Conversion rate Discount Old discount
26/01/2024   001.6424LIN COL;1 R 26527 359.20 26/01/2024 Books     Central Library   Central Library Central Library Central Library 08/03/2004 Book Paradise 449.00 CS 17706 02/12/2005 RS 1 89.8 20

© For any Suggestions or Query, please contact the library staff @ librarian@pes.edu or Phone: +9180 2672 1983/ 2108.